000
00317nam a2200133Ia 4500
008
230312s9999||||xx |||||||||||||| ||und||
020
_a
1-8921-2797-6
082
_a
720.19
_b
SCR
245
0
_a
Scrapbooking your children
260
_b
Memory makers
_a
colorado
300
_a
462
650
_a
Architecture
942
_c
BK
999
_c
11656
_d
11656